00426nam a2200169Ia 4500003000400000005001700004008004100021020001500062050002300077100001700100245005000117260003500167300003300202440000600235521000700241526000800248OSt20140314142931.0140130s9999 xx 000 0 und d a0590465147 aPZ 8b.G537Gi 1992 aGoble, Paul  aThe Girl Who loved wild horses /cPaul Goble. bScholastic,c1992.aNew York : a30 p. :bcol. ill. ;c26 cm. v1 aG4 c670